000 00885nam a22001937a 4500
005 20240530110519.0
008 160210s2011 ua ab g 000 0 ara d
017 _a2011/15601
_bمصر . دار الكتب المصرية
040 _aEG-CaGPL
082 0 4 _221
_a956.015\
_bم إ
100 0 _aمحمد احمد العطار .
245 1 2 _aالامبراطورية العثمانية و تركيا الحديثة :
_bالتاريخ مرآة الامم يعكس ماضيها و يترجم حاضرها و نستلهم منه مستقبلها /
_cمحمد احمد العطار .
300 _a158 ص ؛
_c20 سم .
651 0 4 _aالامبراطورية العثمانية .
651 0 4 _aالامبراطورية العثمانية
_vصور .
651 0 4 _aتركيا
_xتاريخ
_yالعصر الحديث .
942 _2ddc
_cBK
999 _c61841
_d61841